| 000 | 00895cam a2200325 i 4500 | ||
|---|---|---|---|
| 999 |
_c4 _d4 |
||
| 001 | 19118710 | ||
| 003 | OSt | ||
| 005 | 20191101152803.0 | ||
| 008 | 160603s2017 nyuac b 001 0 eng c | ||
| 010 | _a 2016943661 | ||
| 016 | 7 |
_a101703862 _2DNLM |
|
| 020 | _a9781464126116 | ||
| 020 |
_a1464126119 _qNorth American edition |
||
| 020 | _qInternational edition | ||
| 040 |
_aNLM _cmaju |
||
| 042 | _apcc | ||
| 082 | 0 | 0 | _a572 |
| 100 | 1 | _d1942- | |
| 245 | 1 | 0 | _aLehninger principles of biochemistry |
| 246 | 3 | 0 | _aPrinciples of biochemistry |
| 250 | _aSeventh edition. | ||
| 300 | _c29 cm | ||
| 600 | _2BioScience | ||
| 610 | _2BioScience | ||
| 648 | _2BioScience | ||
| 700 | 1 |
_aCox, Michael M., _eauthor. |
|
| 906 |
_a7 _bcbc _cpccadap _d2 _encip _f20 _gy-gencatlg |
||
| 942 |
_2ddc _cBK |
||